Early childhood special education: An introduction (Record no. 8770)

MARC details
000 -LEADER
fixed length control field 00500nam a2200169Ia 4500
008 - FIXED-LENGTH DATA ELEMENTS--GENERAL INFORMATION
fixed length control field 230917s9999||||xx |||||||||||||| ||und||
020 ## - ISBN
Price RS 1995.00
040 ## - CATALOGING SOURCE
-- 5003982
Original cataloging agency VIVEKANANDA LIBRARY
041 ## - Language
-- English
082 ## - DDC NUMBER
Classification number 371.93 D459E
100 ## - MAIN ENTRY--PERSONAL NAME
Personal name Deshprabhu, Suchitra
245 #0 - TITLE STATEMENT
Title Early childhood special education: An introduction
260 ## - PUBLICATION, DISTRIBUTION, ETC. (IMPRINT)
Place of publication, distribution, etc New Delhi
Name of publisher, distributor, etc Kanishka Publishers, Distributors
Date of publication, distribution, etc 2023
300 ## - PHYSICAL DESCRIPTION
Pages viii, 358 p.
500 ## - GENERAL NOTE
General note 5055 31/01/2023 KPD23/619 01/02/2023 Main Budget
942 ## - ADDED ENTRY ELEMENTS (KOHA)
Koha item type Books
Holdings
Withdrawn status Lost status Damaged status Not for loan Location (home branch) Sublocation or collection (holding branch) Shelving location Date acquired Koha issues (times borrowed) Koha full call number Accession No. Koha date last seen Koha item type Source of classification or shelving scheme
        VIVEKANANDA LIBRARY VIVEKANANDA LIBRARY Centre for Disability Studies 14/02/2023   371.93 D459E 407185 17/09/2023 Books  
        VIVEKANANDA LIBRARY VIVEKANANDA LIBRARY Centre for Disability Studies 14/02/2023   371.93 D459E 407186 17/09/2023 Books  
        VIVEKANANDA LIBRARY VIVEKANANDA LIBRARY Centre for Disability Studies 14/02/2023   371.93 D459E 407187 17/09/2023 Books  
        VIVEKANANDA LIBRARY VIVEKANANDA LIBRARY Centre for Disability Studies 14/02/2023   371.93 D459E 407188 17/09/2023 Books  
        VIVEKANANDA LIBRARY VIVEKANANDA LIBRARY Centre for Disability Studies 14/02/2023   371.93 D459E 407189 17/09/2023 Books  
        VIVEKANANDA LIBRARY VIVEKANANDA LIBRARY   29/02/2024     435510 29/02/2024 Books Dewey Decimal Classification
        VIVEKANANDA LIBRARY VIVEKANANDA LIBRARY   29/02/2024     435511 29/02/2024 Books Dewey Decimal Classification
© Designed and Maintained by Vivekananda Library, MDU Rohtak